Normal view
MARC view
Entry Personal Name
001 - CONTROL NUMBER
- control field: 81650
003 - CONTROL NUMBER IDENTIFIER
- control field: dpl
005 - DATE AND TIME OF LATEST TRANSACTION
- control field: 20250604125502.0
008 - FIXED-LENGTH DATA ELEMENTS
- fixed length control field: 250604|| aca||aabn | a|a d
040 ## - CATALOGING SOURCE
- Original cataloging agency: dpl
- Transcribing agency: dpl
100 ## - HEADING--PERSONAL NAME
- Personal name: Re Evaluating US Foreign Policy Towards Asia
670 ## - SOURCE DATA FOUND
- Source citation: Work cat.: (dpl)211577: Re Evaluating US Foreign Policy Towards Asia, Re Evaluating US Foreign Policy Towards Asia, 2013
